Australian Electoral Divisions - Tasmania - Statistics

General Stats
  • This quiz has been taken 16 times
  • The average score is 4 of 5
Answer Stats
Hint Answer % Correct
B Bass
100%
C Clark
92%
F Franklin
83%
L Lyons
83%
B Braddon
67%
No matching quizzes found
Score Distribution
Percent of People with Each Score
Percentile by Number Answered
Your Score History
You have not taken this quiz